Loading...
| Literature - Poetry | 0 | 7 | 0 | 0 | 70 | 99 | 117.71 | 4 | 7 | 0.00 | 0.00 |
| Literature - Long Fiction | 0 | 6 | 1 | 0 | 55 | 82 | 105.17 | 5 | 6 | 0.00 | 0.00 |
| Short Fiction and Other | 0 | 5 | 1 | 0 | 45 | 70 | 106.20 | 5 | 5 | 0.00 | 0.00 |
| Mythology | 1 | 1 | 0 | 0 | 25 | 16 | 72.50 | 1 | 2 | 0.00 | 0.00 |
| Other Academic | 1 | 1 | 0 | 0 | 25 | 80 | 103.00 | 2 | 2 | 0.00 | 0.00 |
| Fine Arts - Other | 1 | 1 | 1 | 0 | 20 | 48 | 74.50 | 2 | 2 | 0.00 | 0.00 |
| Science - Physics | 0 | 2 | 0 | 0 | 20 | 97 | 121.50 | 0 | 2 | 0.00 | 0.00 |
| Fine Arts - Painting and Sculpture | 0 | 2 | 1 | 0 | 15 | 110 | 136.00 | 0 | 2 | 0.00 | 0.00 |
| History - American | 1 | 0 | 0 | 0 | 15 | 67 | 67.00 | 1 | 1 | 0.00 | 0.00 |
| Social Science | 0 | 2 | 2 | 0 | 10 | 132 | 132.00 | 0 | 2 | 0.00 | 0.00 |
| History - Other | 1 | 0 | 1 | 0 | 10 | 17 | 17.00 | 1 | 1 | 0.00 | 0.00 |
| Literature - Drama | 1 | 0 | 1 | 0 | 10 | 71 | 71.00 | 1 | 1 | 0.00 | 0.00 |
| Science - Other | 0 | 1 | 0 | 0 | 10 | 66 | 66.00 | 0 | 1 | 0.00 | 0.00 |
| Fine Arts - Classical Music | 0 | 1 | 0 | 0 | 10 | 120 | 120.00 | 1 | 1 | 0.00 | 0.00 |
| Literature - Short Fiction | 0 | 0 | 1 | 0 | -5 | 0.00 | 0 | 0 | 0.00 | 0.00 |